Nezaměstnanost psychologický, ekonomický, a sociální problém

Enregistré dans:
Détails bibliographiques
Auteur principal: Buchtová, Božena
Format: Livre
Langue:tchèque
Publié: Praha Grada Publishing 2002
Collection:Psyché
Sujets:
Tags: Ajouter un tag
Pas de tags, Soyez le premier à ajouter un tag!

MARC

LEADER 00000nam a2200000 4500
001 c143039
005 20221124094705.0
020 |a 80-247-9006-8 
041 0 |a cze 
044 |a CZ 
245 1 0 |a Nezaměstnanost  |b psychologický, ekonomický, a sociální problém  |c Božena Buchtová a kolektiv 
264 1 |a Praha  |b Grada Publishing  |c 2002 
300 |a 236 s. 
490 1 |a Psyché 
830 0 |a Psyché 
610 2 0 |a nezamestnanosť 
610 2 0 |a problémy spoločenské 
610 2 0 |a potreby ekonomické 
610 2 0 |a potreby sociálne 
610 2 0 |a psychológia sociálna 
610 2 0 |a práca 
610 2 0 |a potreby obyvateľstva 
610 2 0 |a úroveň životná 
610 2 0 |a kríza hospodárska 
610 2 0 |a podpory v nezamestnanosti 
610 2 0 |a trh práce 
610 2 0 |a teórie ekonomické 
610 2 0 |a zdravie 
100 1 |a Buchtová, Božena